书目信息 |
| 题名: |
脑活动的内幕
|
|
| 作者: | 吴馥梅 编著 | |
| 分册: | ||
| 出版信息: | 南京 江苏科学技术出版社 2000 |
|
| 页数: | 250页 | |
| 开本: | 20cm | |
| 丛书名: | 科学教育与潜能开发丛书 | |
| 单 册: | ||
| 中图分类: | R338.2 , Q983 | |
| 科图分类: | ||
| 主题词: | 脑科学--普及读物 , 体质人类学 | |
| 电子资源: | ||
| ISBN: | 7-5345-3243-4 | |
| 000 | 00954oam2 2200277 450 | |
| 001 | 1560963546 | |
| 005 | 20150118165630.23 | |
| 010 | @a7-5345-3243-4@dCNY18.00 | |
| 100 | @a20010910d2000 em y0chiy0110 ea | |
| 101 | 0 | @achi |
| 102 | @aCN@b320000 | |
| 105 | @ay z 000yy | |
| 200 | 1 | @a脑活动的内幕@9nao huo dong de nei mu@f吴馥梅编著 |
| 210 | @a南京@c江苏科学技术出版社@d2000 | |
| 215 | @a250页@d20cm | |
| 225 | 2 | @a科学教育与潜能开发丛书 |
| 314 | @a吴馥梅(1935~),安徽人,南京大学生物科学与技术系教授,编著《脑活动的内幕》。 | |
| 330 | @a本书以问答的形式讲述了你知道脑科学在现代生命科学中的地位吗,你知道脑结构的高度复杂性表现在哪些方面吗,你知道脑蕴藏着巨大的智力潜能吗等有关知识。 | |
| 461 | 0 | @12001 @a科学教育与潜能开发丛书 |
| 606 | 0 | @a脑科学@j普及读物 |
| 606 | 0 | @a体质人类学 |
| 690 | @aR338.2@v5 | |
| 690 | @aQ983@v4 | |
| 701 | 0 | @a吴馥梅@9wu fu mei@f(1935~)@4编著 |
| 801 | 0 | @aCN@bTSSF@c20150118 |
| 905 | @aZUCC@dQ983@eJY4 | |
| 脑活动的内幕/吴馥梅编著.-南京:江苏科学技术出版社,2000 |
| 250页;20cm.-(科学教育与潜能开发丛书) |
| ISBN 7-5345-3243-4:CNY18.00 |
| 本书以问答的形式讲述了你知道脑科学在现代生命科学中的地位吗,你知道脑结构的高度复杂性表现在哪些方面吗,你知道脑蕴藏着巨大的智力潜能吗等有关知识。 |
| ● |
| 相关链接 |
|
|
|
|
正题名:脑活动的内幕
索取号:Q983/JY4
 
预约/预借
| 序号 | 登录号 | 条形码 | 馆藏地/架位号 | 状态 | 备注 |
| 1 | 7848663 | 278486639 | 学院路分馆/ [索取号:Q983/JY4] | 在馆 | |
| 2 | 7848664 | 278486648 | 学院路分馆/ [索取号:Q983/JY4] | 在馆 | |
| 3 | 7848665 | 278486657 | 学院路分馆/ [索取号:Q983/JY4] | 在馆 | |
| 4 | 7848666 | 278486666 | 学院路分馆/ [索取号:Q983/JY4] | 在馆 |